00260nam a2200097Ia 4500008004100000100001900041245005100060250001300111260002900124300000900153191201s2013 xx 000 0 und d aFOLEY, James D 0aComputer Graphics Principles and Practice in C a16th IMP c2013bpearsonaNEW DELHI a1158